Т. 17 : Кинетика радикальных реакций в жидкой фазе; Кинетика и катализ

Detalhes bibliográficos
Parent link:Кинетика и катализ/ Академия наук СССР (АН СССР), Всесоюзный институт научной и технической информации (ВИНИТИ). Т. 17 : Кинетика радикальных реакций в жидкой фазе.— , 1971-1987.— 0202-7968
Idioma:russo
Publicado em: 1987
Assuntos:
Formato: MixedMaterials Livro
KOHA link:https://koha.lib.tpu.ru/cgi-bin/koha/opac-detail.pl?biblionumber=273414

MARC

LEADER 00000nam2a2200000 4500
001 273414
005 20231101234628.0
035 |a (RuTPU)RU\TPU\book\296623 
035 |a RU\TPU\book\274861 
090 |a 273414 
100 |a 20141025d1987 k y0rusy50 ca 
101 0 |a rus 
102 |a RU 
105 |a y z 001zy 
200 0 |a Т. 17 : Кинетика радикальных реакций в жидкой фазе 
210 |d 1987 
215 |a 188 c. 
320 |a Библиография в конце статей 
461 1 |0 (RuTPU)RU\TPU\book\299798  |x 0202-7968  |t Кинетика и катализ  |f Академия наук СССР (АН СССР), Всесоюзный институт научной и технической информации (ВИНИТИ)  |v Т. 17 : Кинетика радикальных реакций в жидкой фазе  |d 1971-1987  |s Кинетика и катализ 
606 1 |a Химическая кинетика  |2 stltpush  |3 (RuTPU)RU\TPU\subj\68947  |9 84004 
606 1 |a Катализ  |2 stltpush  |3 (RuTPU)RU\TPU\subj\69436  |9 84287 
610 1 |a радикальные реакции 
610 1 |a жидкие фазы 
610 1 |a радикалы 
610 1 |a ингибиторы 
610 1 |a бимолекулярные реакции 
610 1 |a сборники 
675 |a 544.42  |v 4 
675 |a 544.47  |v 4 
801 1 |a RU  |b 63413507  |c 20111027 
801 2 |a RU  |b 63413507  |c 20180409  |g RCR 
942 |c BK